Travel accounts of the islands (1513-1787)

Descriptions of the Philippines by the travelers listed below, giving their nationality, and year the resided in the islands, or the approximate year when they wrote the accounts.

Na minha lista:
Detalhes bibliográficos
Formato: Livro
Idioma:Undetermined
Publicado em: Manila Filipiniana Book Guild 1971
Assuntos:
Tags: Adicionar Tag
Sem tags, seja o primeiro a adicionar uma tag!
Thư viện lưu trữ: Trung tâm Học liệu Trường Đại học Cần Thơ
LEADER 00743nam a2200193Ia 4500
001 CTU_218509
008 210402s9999 xx 000 0 und d
082 |a 959.9 
082 |b T779/Vol.19 
245 0 |a Travel accounts of the islands (1513-1787) 
245 0 |c Tomé Pires, ... [et al.] 
260 |a Manila 
260 |b Filipiniana Book Guild 
260 |c 1971 
520 |a Descriptions of the Philippines by the travelers listed below, giving their nationality, and year the resided in the islands, or the approximate year when they wrote the accounts. 
650 |a Philippines,Philippines 
650 |x Description and travel,Mô tả và du lịch 
904 |i Trúc 
980 |a Trung tâm Học liệu Trường Đại học Cần Thơ